Aktualne nazwy dawnych krzyżackich miast - Statystyki

Ogólne statystyki
  • Ten quiz został rozwiązany 49 razy
    38 od ostatniego zresetowania
  • Średni wynik to 5 z 20
Statystyki odpowiedzi
Niemiecka nazwa Aktualna nazwa % Poprawnych
Elbing Elbląg
94%
Danzig Gdańsk
91%
Marienburg Malbork
70%
Königsberg Kaliningrad
61%
Allenstein Olsztyn
52%
Memel Kłajpeda
27%
Lötzen Giżycko
15%
Culm Chełmno
12%
Lyck Ełk
12%
Frauenburg Frombork
12%
Rößel Reszel
12%
Heilsberg Lidzbark Warmiński
6%
Rewel Tallinn
6%
Sensburg Mrągowo
3%
Kircholm Salaspils
3%
Mitau Jełgawa
0%
Rigastrand Jurmała
0%
Libau Lipawa
0%
Dorpt Tartu
0%
Wolmar Valmiera
0%
Nie znaleziono quizów pasujących do podanych kryteriów
Rozkład punktacji
Procent ludzi z każdym wynikiem
Percentyl według liczby udzielonych odpowiedzi
Twoja historia wyników
Nie rozwiązałeś tego quizu od ostatniego zresetowania